| 000 | 00638cam a2200193 4500 | ||
|---|---|---|---|
| 008 | 081208n 000 0 eng u | ||
| 020 | _a1770071121 | ||
| 035 | _a(Sirsi) a163164 | ||
| 040 | _aCIP | ||
| 050 | _aPN 5499.Z55 NYA 2006 | ||
| 100 | _aNyarota, Geoffrey. | ||
| 245 |
_aAgainst the grain : _bmemoirs of a Zimbabwean newsman/ _cGeoffrey Nyarota. |
||
| 260 |
_aCapetown : _bZebra Press, _c2006. |
||
| 300 | _axvi, 352p. | ||
| 504 | _aIncludes bibliographical references and index. | ||
| 650 | _aNewspaper Editors - Zimbabwe - Biography. | ||
| 650 | _aZimbabwe - History - 1965-1980 | ||
| 650 | _aZimbabwe - History- 1980 | ||
| 999 |
_c112933 _d112932 |
||